[Event "Gibtelecom Masters 1st"]
[Site "Gibraltar"]
[Date "2003.01.30"]
[Round "3"]
[White "Medvegy, Nora"]
[Black "Tissir, Mohamed"]
[Result "1/2-1/2"]
[WhiteElo "2376"]
[BlackElo "2366"]
[PlyCount "129"]
[EventDate "2003.01.28"]
[EventType "swiss"]
[EventRounds "10"]
[EventCountry "GGB"]
[SourceTitle "BritBase"]
[Source "www.saund.co.uk"]
[SourceDate "2018.02.10"]
[SourceVersion "1"]
[SourceVersionDate "2018.02.10"]
[SourceQuality "1"]

1. e4 c5 2. Nf3 Nc6 3. d4 cxd4 4. Nxd4 e5 5. Nb5 d6 6. c4 Be7 7. N1c3 a6 8. Na3
f5 9. exf5 Bxf5 10. Nc2 Nf6 11. Bd3 Bg4 12. Be2 Be6 13. Bg5 O-O 14. O-O Kh8 15.
Qd2 Rc8 16. Rad1 Qe8 17. f4 h6 18. f5 Bg8 19. Bxf6 Bxf6 20. Nd5 Bxd5 21. Qxd5
Nd4 22. Nxd4 exd4 23. Bd3 Rc6 24. Rde1 Qh5 25. g3 Qg5 26. Qe4 Rc7 27. Qf4 Qxf4
28. Rxf4 Be5 29. Rf2 a5 30. Kg2 Kg8 31. Be4 Kf7 32. Bd5+ Kf6 33. a4 Re8 34. Rf3
Ree7 35. Re4 Re8 36. Kf1 Rec8 37. Ke1 Rxc4 38. Bxc4 Rxc4 39. b3 Rc3 40. Rxc3
dxc3 41. Rc4 Kxf5 42. Ke2 d5 43. g4+ Kg5 44. Rc5 Bxh2 45. Kf3 Kf6 46. Rxd5 b6
47. Ke3 Ke6 48. Rh5 Be5 49. Kd3 Kd6 50. Rf5 Ke6 51. Rf8 Bd6 52. Rc8 Ke5 53. Rc6
Bc5 54. Rg6 Bf8 55. Rxb6 Kf4 56. Rg6 Be7 57. Kxc3 Bg5 58. Kc4 Kxg4 59. Rxg7 h5
60. b4 h4 61. Rd7 axb4 62. a5 h3 63. Rd1 h2 64. Kxb4 Be3 65. Rh1 1/2-1/2

[Event "Gibtelecom Masters 1st"]
[Site "Gibraltar"]
[Date "2003.01.30"]
[Round "3"]
[White "Palac, Mladen"]
[Black "Johansen, Darryl"]
[Result "1/2-1/2"]
[WhiteElo "2591"]
[BlackElo "2487"]
[PlyCount "49"]
[EventDate "2003.01.28"]
[EventType "swiss"]
[EventRounds "10"]
[EventCountry "GGB"]
[SourceTitle "BritBase"]
[Source "www.saund.co.uk"]
[SourceDate "2018.02.10"]
[SourceVersion "1"]
[SourceVersionDate "2018.02.10"]
[SourceQuality "1"]

1. e4 e6 2. d4 d5 3. Nd2 c5 4. exd5 Qxd5 5. dxc5 Bxc5 6. Ngf3 Nf6 7. Bc4 Qd8 8.
Qe2 O-O 9. Nb3 Bb4+ 10. c3 Bd6 11. Bg5 Qc7 12. Nfd4 a6 13. Bxf6 gxf6 14. O-O-O
Kh8 15. Bd3 Rg8 16. g4 Nd7 17. h3 Rb8 18. Kb1 Nf8 19. h4 b5 20. Be4 Bd7 21. Qf3
Be5 22. Bc6 Bc8 23. Be4 Bd7 24. Bc6 Bc8 25. Be4 1/2-1/2

[Event "Gibtelecom Masters 1st"]
[Site "Gibraltar"]
[Date "2003.01.30"]
[Round "3"]
[White "Pavlovic, Milos"]
[Black "Wohl, Aleksandar H"]
[Result "1/2-1/2"]
[WhiteElo "2560"]
[BlackElo "2415"]
[PlyCount "108"]
[EventDate "2003.01.28"]
[EventType "swiss"]
[EventRounds "10"]
[EventCountry "GGB"]
[SourceTitle "BritBase"]
[Source "www.saund.co.uk"]
[SourceDate "2018.02.10"]
[SourceVersion "1"]
[SourceVersionDate "2018.02.10"]
[SourceQuality "1"]

1. Nf3 b6 2. e4 Bb7 3. Nc3 e6 4. d4 Ne7 5. Bd3 d6 6. Ne2 Nd7 7. c4 g6 8. d5
exd5 9. exd5 Bg7 10. O-O O-O 11. Ned4 Ne5 12. Re1 c6 13. Nxe5 dxe5 14. Nxc6
Nxc6 15. dxc6 Bxc6 16. a4 Qc7 17. Qb3 Rad8 18. Bg5 Rd4 19. Bf1 Rg4 20. Be3 Ba8
21. h3 Rh4 22. Red1 Bh6 23. Bxh6 Rxh6 24. a5 Rh4 25. axb6 axb6 26. Ra6 Rb8 27.
Rda1 Bc6 28. c5 b5 29. Ra7 Rb7 30. Rxb7 Qxb7 31. g4 h5 32. Qg3 Qe7 33. Ra6 Be4
34. c6 hxg4 35. c7 Bf5 36. Ra8+ Kg7 37. c8=Q Bxc8 38. Rxc8 gxh3 39. Re8 h2+ 40.
Kh1 Qxe8 41. Qxh4 Qc6+ 42. Kxh2 Qc1 43. Bxb5 Qxb2 44. Bc4 Qb4 45. Qe4 Qe7 46.
Kg2 Qg5+ 47. Kf1 Qf4 48. Qxf4 exf4 49. Ke2 f5 50. Kd3 Kf6 51. Kd4 g5 52. Kd5 g4
53. Bf1 f3 54. Kd4 f4 1/2-1/2

[Event "Gibtelecom Masters 1st"]
[Site "Gibraltar"]
[Date "2003.01.30"]
[Round "3"]
[White "Schmitz, Andreas Arnold"]
[Black "Radovanovic, Jovica"]
[Result "1-0"]
[WhiteElo "2131"]
[BlackElo "2280"]
[PlyCount "141"]
[EventDate "2003.01.28"]
[EventType "swiss"]
[EventRounds "10"]
[EventCountry "GGB"]
[SourceTitle "BritBase"]
[Source "www.saund.co.uk"]
[SourceDate "2018.02.10"]
[SourceVersion "1"]
[SourceVersionDate "2018.02.10"]
[SourceQuality "1"]

1. e4 e5 2. Nf3 Nc6 3. Bc4 Bc5 4. c3 Qe7 5. O-O d6 6. d4 Bb6 7. a4 a6 8. a5 Ba7
9. d5 Nb8 10. h3 Nf6 11. Bg5 h6 12. Bxf6 Qxf6 13. Na3 Qg6 14. Qd3 O-O 15. Kh2
Qh5 16. Qe2 f5 17. exf5 Bxf5 18. Nd4 Bg4 19. Qxg4 Qxg4 20. hxg4 exd4 21. f4 Nd7
22. Nc2 dxc3 23. bxc3 Nf6 24. g5 hxg5 25. fxg5 Ng4+ 26. Kg3 Ne5 27. Be2 Rxf1
28. Rxf1 Bc5 29. Nd4 Bxd4 30. cxd4 Ng6 31. Bg4 Nf8 32. Rc1 b6 33. Rxc7 bxa5 34.
Rc6 Rd8 35. Rxa6 Kf7 36. Bh5+ Ke7 37. Rxa5 Rd7 38. Ra1 g6 39. Bg4 Rb7 40. Kf4
Rc7 41. Ra8 Rb7 42. Bc8 Rc7 43. Rb8 Kf7 44. Bg4 Ke7 45. Ra8 Rb7 46. Bc8 Rc7 47.
Ba6 Kf7 48. Bb5 Rb7 49. Be8+ Ke7 50. Bc6 Rb1 51. Ra7+ Kd8 52. Ke3 Rh1 53. g4
Rh3+ 54. Kf2 Rh1 55. Kg2 Rh7 56. Ra8+ Ke7 57. Kg3 Rh8 58. Ra7+ Kd8 59. Rf7 Rg8
60. Kf4 Rh8 61. Ke4 Rg8 62. Kd3 Rh8 63. Kc4 Kc8 64. Kb5 Nh7 65. Ra7 Nf8 66. Kb6
Kd8 67. Rf7 Rg8 68. Bb5 Rh8 69. Kc6 Ke8 70. Ra7 Rh7 71. Kxd6+ 1-0

[Event "Gibtelecom Masters 1st"]
[Site "Gibraltar"]
[Date "2003.01.30"]
[Round "3"]
[White "Shaw, John Kerr"]
[Black "Short, Nigel D"]
[Result "0-1"]
[WhiteElo "2470"]
[BlackElo "2690"]
[PlyCount "102"]
[EventDate "2003.01.28"]
[EventType "swiss"]
[EventRounds "10"]
[EventCountry "GGB"]
[SourceTitle "BritBase"]
[Source "www.saund.co.uk"]
[SourceDate "2018.02.10"]
[SourceVersion "1"]
[SourceVersionDate "2018.02.10"]
[SourceQuality "1"]

1. e4 c5 2. Nf3 e6 3. c3 Nf6 4. e5 Nd5 5. d4 cxd4 6. cxd4 d6 7. Bc4 Nb6 8. Bd3
dxe5 9. dxe5 Na6 10. O-O Nc5 11. Bc2 Qxd1 12. Rxd1 Bd7 13. Nc3 Rc8 14. a4 a5
15. Nd4 Be7 16. Nb3 Nc4 17. Re1 O-O 18. Nxc5 Bxc5 19. Re4 Bb4 20. Na2 Nxe5 21.
Nxb4 axb4 22. Bb3 Nd3 23. Bd2 Bc6 24. Rg4 h5 25. Rh4 Rfd8 26. Bg5 Rd7 27. Rd1
Ra8 28. Bc2 Ra5 29. Rxd3 Rxd3 30. Bxd3 Rxg5 31. Bf1 Bxa4 32. Rxb4 Bc6 33. h4
Re5 34. Kh2 Kf8 35. g3 Ke7 36. Bg2 Kd6 37. Bxc6 Kxc6 38. Kg2 b5 39. Kf3 Kc5 40.
Rb3 b4 41. Rd3 Rd5 42. Re3 g6 43. Ke2 e5 44. f3 f5 45. b3 Kd6 46. Ke1 Rd4 47.
Ke2 Kd5 48. Ke1 e4 49. Ke2 Ke5 50. Ke1 Rd5 51. Ke2 Ra5 0-1

[Event "Gibtelecom Masters 1st"]
[Site "Gibraltar"]
[Date "2003.01.30"]
[Round "3"]
[White "Vega, Enrique"]
[Black "White, Kevin"]
[Result "1-0"]
[WhiteElo "2115"]
[BlackElo "2053"]
[PlyCount "131"]
[EventDate "2003.01.28"]
[EventType "swiss"]
[EventRounds "10"]
[EventCountry "GGB"]
[SourceTitle "BritBase"]
[Source "www.saund.co.uk"]
[SourceDate "2018.02.10"]
[SourceVersion "1"]
[SourceVersionDate "2018.02.10"]
[SourceQuality "1"]

1. e4 c5 2. Nf3 d6 3. d4 cxd4 4. Nxd4 Nf6 5. f3 Nc6 6. c4 g6 7. Nc3 Bg7 8. Be3
O-O 9. Qd2 Be6 10. Rc1 Nd7 11. Nd5 Nxd4 12. Bxd4 Bxd5 13. Bxg7 Kxg7 14. exd5
Qb6 15. Be2 Rad8 16. Kf1 e5 17. dxe6 fxe6 18. Rd1 Ne5 19. Qd4 Qxd4 20. Rxd4 d5
21. cxd5 Rxd5 22. Rxd5 exd5 23. Kf2 d4 24. Rd1 Ng4+ 25. Kg1 Re8 26. Bb5 Re5 27.
Bf1 Ne3 28. Rxd4 Nxf1 29. Kxf1 Rb5 30. Rd2 Kf6 31. Re2 Ra5 32. a3 Rb5 33. Kf2
Rb3 34. Ke1 Rd3 35. Re4 Rd5 36. Ke2 Rd6 37. Rb4 b6 38. Rc4 Rd7 39. Ke3 Kf5 40.
Rd4 Rc7 41. h4 Re7+ 42. Re4 Rc7 43. g4+ Kf6 44. Rd4 Re7+ 45. Kf4 Rc7 46. Ra4
Rb7 47. Rc4 Re7 48. Rc6+ Kf7 49. h5 Kg7 50. hxg6 hxg6 51. g5 Kf7 52. b4 Kg7 53.
a4 Rf7+ 54. Kg4 Rd7 55. Rc4 Kf7 56. a5 Kg7 57. f4 Rb7 58. Rc8 a6 59. Ra8 bxa5
60. bxa5 Rb1 61. Ra7+ Kg8 62. Rxa6 Rg1+ 63. Kf3 Rf1+ 64. Ke4 Re1+ 65. Kd5 Rd1+
66. Ke5 1-0

[Event "Gibtelecom Masters 1st"]
[Site "Gibraltar"]
[Date "2003.01.31"]
[Round "4"]
[White "Agdestein, Simen"]
[Black "Barsov, Alexei"]
[Result "1/2-1/2"]
[WhiteElo "2578"]
[BlackElo "2525"]
[PlyCount "97"]
[EventDate "2003.01.28"]
[EventType "swiss"]
[EventRounds "10"]
[EventCountry "GGB"]
[SourceTitle "BritBase"]
[Source "www.saund.co.uk"]
[SourceDate "2018.02.10"]
[SourceVersion "1"]
[SourceVersionDate "2018.02.10"]
[SourceQuality "1"]

1. d4 e6 2. e4 d5 3. Nc3 Bb4 4. e5 c5 5. a3 Bxc3+ 6. bxc3 Ne7 7. h4 Qc7 8. Rh3
Nbc6 9. h5 h6 10. Be2 Bd7 11. Rf3 Na5 12. a4 Nc4 13. Kf1 Nb6 14. a5 Nc4 15. a6
b6 16. Bd3 Bb5 17. Rf4 Nf5 18. g4 Ne7 19. Qf3 Nc6 20. Nh3 Rf8 21. Kg1 O-O-O 22.
g5 Qe7 23. gxh6 gxh6 24. Kh1 Rd7 25. Bxc4 Bxc4 26. Rf6 Rg8 27. Be3 cxd4 28.
cxd4 Qb4 29. Rg1 Rxg1+ 30. Nxg1 Qb1 31. Rxf7 Qxc2 32. Rxd7 Kxd7 33. Qf7+ Ne7
34. Bxh6 Qe4+ 35. f3 Qf5 36. Qxf5 Nxf5 37. Bf4 Nxd4 38. h6 Bd3 39. Kg2 Ke7 40.
Nh3 Kf7 41. Ng5+ Kg6 42. h7 Kg7 43. Be3 Nc6 44. Nxe6+ Kxh7 45. f4 Bxa6 46. Nd4
Nxd4 47. Bxd4 Kg6 48. Kf3 Kf5 49. Bf2 1/2-1/2

[Event "Gibtelecom Masters 1st"]
[Site "Gibraltar"]
[Date "2003.01.31"]
[Round "4"]
[White "Bellon Lopez, Juan Manuel"]
[Black "Thompson, Ian"]
[Result "1-0"]
[WhiteElo "2428"]
[BlackElo "2256"]
[PlyCount "97"]
[EventDate "2003.01.28"]
[EventType "swiss"]
[EventRounds "10"]
[EventCountry "GGB"]
[SourceTitle "BritBase"]
[Source "www.saund.co.uk"]
[SourceDate "2018.02.10"]
[SourceVersion "1"]
[SourceVersionDate "2018.02.10"]
[SourceQuality "1"]

1. b3 e5 2. Bb2 d6 3. d4 exd4 4. Qxd4 Nf6 5. g3 Nc6 6. Qd2 d5 7. Bg2 Bb4 8. Bc3
Bxc3 9. Nxc3 Be6 10. e3 Ne7 11. Nge2 c6 12. O-O Qc8 13. Nf4 Bf5 14. f3 Ng6 15.
g4 Nxf4 16. exf4 Bd7 17. Rfe1+ Kf8 18. Qd4 h6 19. h4 Qd8 20. Qc5+ Kg8 21. Re7
Ne8 22. Rae1 b6 23. Qa3 c5 24. Nxd5 Be6 25. c4 Nf6 26. Nxf6+ gxf6 27. Rxa7 Qd4+
28. Kf1 Rxa7 29. Qxa7 Qxf4 30. Qxb6 h5 31. g5 fxg5 32. Qd8+ Kg7 33. Qxg5+ Qxg5
34. hxg5 h4 35. f4 h3 36. Bd5 Rh4 37. Bxe6 Rxf4+ 38. Kg1 fxe6 39. Rxe6 Rg4+ 40.
Kh2 Rg2+ 41. Kxh3 Rxa2 42. Rc6 Rb2 43. Rxc5 Rxb3+ 44. Kg4 Rb1 45. Kf5 Rf1+ 46.
Ke6 Kg6 47. Rd5 Rc1 48. c5 Rc2 49. Kd7 1-0

[Event "Gibtelecom Masters 1st"]
[Site "Gibraltar"]
[Date "2003.01.31"]
[Round "4"]
[White "Bick, John"]
[Black "Lund, Frode Ryan"]
[Result "1-0"]
[WhiteElo "2296"]
[BlackElo "2103"]
[PlyCount "77"]
[EventDate "2003.01.28"]
[EventType "swiss"]
[EventRounds "10"]
[EventCountry "GGB"]
[SourceTitle "BritBase"]
[Source "www.saund.co.uk"]
[SourceDate "2018.02.10"]
[SourceVersion "1"]
[SourceVersionDate "2018.02.10"]
[SourceQuality "1"]

1. d4 d6 2. c4 f5 3. Nc3 Nf6 4. g3 g6 5. Bg2 Bg7 6. d5 O-O 7. Nh3 Nbd7 8. Nf4
Ne5 9. Qc2 c6 10. O-O Bd7 11. b3 a6 12. Bb2 c5 13. a4 b6 14. Rfe1 Ne8 15. e4
Nc7 16. Qe2 Rb8 17. exf5 Bxf5 18. h4 h6 19. Be4 Bxe4 20. Nxe4 Qe8 21. Ra2 b5
22. axb5 axb5 23. Ra7 Rc8 24. Rea1 bxc4 25. bxc4 Nf3+ 26. Qxf3 Bxb2 27. R1a2
Be5 28. Qg4 Bxf4 29. gxf4 Rf5 30. Ng3 h5 31. Qf3 Rf6 32. Re2 Qf8 33. f5 e5 34.
dxe6 d5 35. e7 Qe8 36. Rxc7 Rxc7 37. Qxd5+ Kh7 38. Qd8 Rc8 39. Qxc8 1-0

[Event "Gibtelecom Masters 1st"]
[Site "Gibraltar"]
[Date "2003.01.31"]
[Round "4"]
[White "Epishin, Vladimir"]
[Black "Schmitz, Andreas Arnold"]
[Result "1-0"]
[WhiteElo "2626"]
[BlackElo "2131"]
[PlyCount "61"]
[EventDate "2003.01.28"]
[EventType "swiss"]
[EventRounds "10"]
[EventCountry "GGB"]
[SourceTitle "BritBase"]
[Source "www.saund.co.uk"]
[SourceDate "2018.02.10"]
[SourceVersion "1"]
[SourceVersionDate "2018.02.10"]
[SourceQuality "1"]

1. d4 d5 2. c4 dxc4 3. Nf3 Nf6 4. e3 Bg4 5. Bxc4 e6 6. Nc3 a6 7. O-O c5 8. h3
Bh5 9. Re1 Nc6 10. g4 Bg6 11. d5 exd5 12. Nxd5 b5 13. Nxf6+ Qxf6 14. Bd5 O-O-O
15. e4 Nd4 16. Nxd4 Qxd4 17. Qxd4 cxd4 18. Bd2 Rd6 19. a4 b4 20. f4 f5 21.
Rac1+ Kd7 22. gxf5 Bxf5 23. Bb7 Bg6 24. f5 Bh5 25. e5 Rb6 26. e6+ Kd6 27. Bf4+
Ke7 28. Bg5+ Kd6 29. Bg2 d3 30. a5 d2 31. Bxd2 1-0

[Event "Gibtelecom Masters 1st"]
[Site "Gibraltar"]
[Date "2003.01.31"]
[Round "4"]
[White "Korneev, Oleg"]
[Black "Luther, Thomas"]
[Result "1/2-1/2"]
[WhiteElo "2613"]
[BlackElo "2575"]
[PlyCount "107"]
[EventDate "2003.01.28"]
[EventType "swiss"]
[EventRounds "10"]
[EventCountry "GGB"]
[SourceTitle "BritBase"]
[Source "www.saund.co.uk"]
[SourceDate "2018.02.10"]
[SourceVersion "1"]
[SourceVersionDate "2018.02.10"]
[SourceQuality "1"]

1. e4 Nf6 2. e5 Nd5 3. d4 d6 4. c4 Nb6 5. f4 dxe5 6. fxe5 c5 7. d5 e6 8. Nc3
exd5 9. cxd5 c4 10. d6 Be6 11. Nf3 Nc6 12. Be2 Nd7 13. Bf4 Qa5 14. O-O h6 15.
Bg3 g6 16. Nd4 Ncxe5 17. Nxe6 fxe6 18. Ne4 Bg7 19. Kh1 Rf8 20. Rxf8+ Kxf8 21.
Bxc4 Nxc4 22. Qf1+ Kg8 23. Qxc4 Qd5 24. Rc1 Bxb2 25. Qxd5 exd5 26. Rc7 Rd8 27.
Nf2 Bd4 28. h3 Nf6 29. Ng4 Nxg4 30. hxg4 b6 31. Rxa7 Bc5 32. Rb7 Bxd6 33. Bxd6
Rxd6 34. Kg1 d4 35. Kf1 d3 36. Ke1 d2+ 37. Kd1 g5 38. Rc7 b5 39. Rc2 Rd4 40.
Rxd2 Rxg4 41. Ke1 Ra4 42. Kf1 Kg7 43. Rd5 Rb4 44. Kg1 Kg6 45. Rd6+ Kh5 46. Rb6
Rb2 47. a4 b4 48. Kh2 b3 49. Kh3 g4+ 50. Kg3 Kg5 51. a5 Ra2 52. Rb5+ Kg6 53.
Rxb3 Rxa5 54. Kxg4 1/2-1/2

[Event "Gibtelecom Masters 1st"]
[Site "Gibraltar"]
[Date "2003.01.31"]
[Round "4"]
[White "Lalic, Bogdan"]
[Black "Wohl, Aleksandar H"]
[Result "1-0"]
[WhiteElo "2547"]
[BlackElo "2415"]
[PlyCount "106"]
[EventDate "2003.01.28"]
[EventType "swiss"]
[EventRounds "10"]
[EventCountry "GGB"]
[SourceTitle "BritBase"]
[Source "www.saund.co.uk"]
[SourceDate "2018.02.10"]
[SourceVersion "1"]
[SourceVersionDate "2018.02.10"]
[SourceQuality "1"]

1. d4 e6 2. e4 c5 3. d5 exd5 4. exd5 d6 5. Nf3 Nf6 6. Bb5+ Nbd7 7. a4 Be7 8.
O-O a6 9. Be2 b6 10. c4 O-O 11. Nc3 Re8 12. h3 Bf8 13. Bd3 g6 14. Bg5 h6 15.
Be3 Ne5 16. Nxe5 dxe5 17. a5 bxa5 18. Re1 Rb8 19. Ra2 Bd7 20. Qa1 Bc8 21. Rxa5
Nd7 22. Ne4 Rb3 23. Bc2 Rb4 24. b3 Qc7 25. d6 Bxd6 26. Bxh6 Bb7 27. Bd2 Rb6 28.
Nxd6 Rxd6 29. Bc3 Rde6 30. Qc1 Qc6 31. Qg5 Nf8 32. Raa1 Nh7 33. Qg3 Nf6 34. f3
Nh5 35. Qf2 f5 36. Ra5 e4 37. fxe4 Rc8 38. Bd2 fxe4 39. Be3 Rf6 40. Qd2 Rd6 41.
Qc3 Qb6 42. Rxc5 Rxc5 43. b4 Re6 44. Bxc5 Qc7 45. Rf1 Re8 46. Qe3 Qg3 47. Rd1
Bc8 48. Rd6 Kf7 49. Ba4 Re5 50. Bd4 Qxe3+ 51. Bxe3 Ng3 52. Kf2 Nf5 53. Rc6 Be6
1-0

[Event "Gibtelecom Masters 1st"]
[Site "Gibraltar"]
[Date "2003.01.31"]
[Round "4"]
[White "Ledger, Stephen"]
[Black "Vega, Enrique"]
[Result "1-0"]
[WhiteElo "2172"]
[BlackElo "2115"]
[PlyCount "79"]
[EventDate "2003.01.28"]
[EventType "swiss"]
[EventRounds "10"]
[EventCountry "GGB"]
[SourceTitle "BritBase"]
[Source "www.saund.co.uk"]
[SourceDate "2018.02.10"]
[SourceVersion "1"]
[SourceVersionDate "2018.02.10"]
[SourceQuality "1"]

1. d4 Nf6 2. Nf3 g6 3. Bf4 Bg7 4. e3 O-O 5. h3 c5 6. c3 cxd4 7. exd4 Nc6 8. Be2
d5 9. Nbd2 Qb6 10. Qb3 Qxb3 11. axb3 Nh5 12. Bh2 f5 13. b4 f4 14. O-O Bd7 15.
Rfe1 a6 16. Nb3 Rae8 17. Nc5 Bc8 18. b5 axb5 19. Bxb5 Bf6 20. Bxc6 bxc6 21. Ne5
Bxe5 22. Rxe5 Rf6 23. Ra7 Kf8 24. Nd3 Bf5 25. Nxf4 Nxf4 26. Bxf4 Bd3 27. Bh6+
Kf7 28. Bg5 Re6 29. f4 Rxe5 30. fxe5 h5 31. Kf2 Ke6 32. Ke3 Bf1 33. Rc7 Bxg2
34. h4 Bf1 35. Rxc6+ Kf5 36. Kf3 Bc4 37. Bxe7 Be2+ 38. Kxe2 Rxe7 39. Kf3 Rf7
40. Rf6+ 1-0

[Event "Gibtelecom Masters 1st"]
[Site "Gibraltar"]
[Date "2003.01.31"]
[Round "4"]
[White "Medvegy, Nora"]
[Black "Bellin, Robert"]
[Result "1/2-1/2"]
[WhiteElo "2376"]
[BlackElo "2360"]
[PlyCount "80"]
[EventDate "2003.01.28"]
[EventType "swiss"]
[EventRounds "10"]
[EventCountry "GGB"]
[SourceTitle "BritBase"]
[Source "www.saund.co.uk"]
[SourceDate "2018.02.10"]
[SourceVersion "1"]
[SourceVersionDate "2018.02.10"]
[SourceQuality "1"]

1. e4 e5 2. Nc3 Nf6 3. Bc4 Nc6 4. d3 Na5 5. Nge2 Nxc4 6. dxc4 d6 7. O-O Be7 8.
Qd3 O-O 9. Ng3 Be6 10. b3 c6 11. Bb2 Qc7 12. Rad1 Rad8 13. Qe2 Rfe8 14. a4 Bf8
15. Rfe1 a6 16. Rd2 g6 17. Qf3 Qe7 18. h3 h5 19. Ba3 h4 20. Nf1 Nh5 21. Red1
Qc7 22. Ne2 Rd7 23. Ne3 Red8 24. Bb2 Bh6 25. Rd3 Bxe3 26. Qxe3 b5 27. c5 dxc5
28. Qxc5 Rxd3 29. Rxd3 Rxd3 30. cxd3 f6 31. Qc3 Qd6 32. d4 exd4 33. Nxd4 c5 34.
Nxe6 Qxe6 35. axb5 axb5 36. Qxc5 Qxe4 37. Qc8+ Kg7 38. Qc7+ Kh6 39. Bc1+ g5 40.
Qc3 Kg6 1/2-1/2

[Event "Gibtelecom Masters 1st"]
[Site "Gibraltar"]
[Date "2003.01.31"]
[Round "4"]
[White "Plaskett, James"]
[Black "Palac, Mladen"]
[Result "1/2-1/2"]
[WhiteElo "2467"]
[BlackElo "2591"]
[PlyCount "45"]
[EventDate "2003.01.28"]
[EventType "swiss"]
[EventRounds "10"]
[EventCountry "GGB"]
[SourceTitle "BritBase"]
[Source "www.saund.co.uk"]
[SourceDate "2018.02.10"]
[SourceVersion "1"]
[SourceVersionDate "2018.02.10"]
[SourceQuality "1"]

1. e4 c5 2. Nc3 d6 3. d4 cxd4 4. Qxd4 Nc6 5. Bb5 Bd7 6. Bxc6 Bxc6 7. Nf3 Nf6 8.
Bg5 e6 9. O-O-O Be7 10. Rhe1 O-O 11. Qd2 h6 12. Bf4 e5 13. Bg3 Rc8 14. Qe3 Qc7
15. Bh4 g5 16. Nxg5 Ng4 17. Qg3 hxg5 18. Qxg4 Bd7 19. Qg3 f6 20. f4 exf4 21.
Qd3 gxh4 22. e5 fxe5 23. Qg6+ 1/2-1/2

[Event "Gibtelecom Masters 1st"]
[Site "Gibraltar"]
[Date "2003.01.31"]
[Round "4"]
[White "Radovanovic, Jovica"]
[Black "Jonkman, Harmen"]
[Result "0-1"]
[WhiteElo "2280"]
[BlackElo "2436"]
[PlyCount "58"]
[EventDate "2003.01.28"]
[EventType "swiss"]
[EventRounds "10"]
[EventCountry "GGB"]
[SourceTitle "BritBase"]
[Source "www.saund.co.uk"]
[SourceDate "2018.02.10"]
[SourceVersion "1"]
[SourceVersionDate "2018.02.10"]
[SourceQuality "1"]

1. e4 e5 2. Nf3 Nc6 3. Bb5 Nf6 4. O-O Nxe4 5. d4 Nd6 6. Bxc6 dxc6 7. dxe5 Ne4
8. Qe2 Bf5 9. Rd1 Qc8 10. e6 fxe6 11. Nd4 Bc5 12. Nd2 Bxd4 13. Nxe4 Bb6 14. a4
a5 15. Bg5 O-O 16. Be7 Re8 17. Ba3 e5 18. Ng5 h6 19. Qc4+ Kh8 20. Qh4 Bxc2 21.
Rd2 Qf5 22. Nf3 Be4 23. Ne1 Re6 24. Rc1 Rg6 25. Rc3 Bxg2 26. Rg3 Bd5 27. Nc2
Re8 28. Ne3 Bxe3 29. fxe3 Qb1+ 0-1

[Event "Gibtelecom Masters 1st"]
[Site "Gibraltar"]
[Date "2003.01.31"]
[Round "4"]
[White "Reinderman, Dimitri"]
[Black "Campora, Daniel"]
[Result "1/2-1/2"]
[WhiteElo "2506"]
[BlackElo "2505"]
[PlyCount "37"]
[EventDate "2003.01.28"]
[EventType "swiss"]
[EventRounds "10"]
[EventCountry "GGB"]
[SourceTitle "BritBase"]
[Source "www.saund.co.uk"]
[SourceDate "2018.02.10"]
[SourceVersion "1"]
[SourceVersionDate "2018.02.10"]
[SourceQuality "1"]

1. e4 e5 2. Nf3 Nc6 3. Bb5 Nf6 4. O-O d6 5. d4 Bd7 6. Nc3 Be7 7. Re1 exd4 8.
Nxd4 Nxd4 9. Qxd4 Bxb5 10. Nxb5 O-O 11. c4 Re8 12. Nc3 Nd7 13. Nd5 Bf6 14.
Nxf6+ Qxf6 15. Qxf6 Nxf6 16. f3 a5 17. Be3 Nd7 18. Rad1 b6 19. Kf2 1/2-1/2

[Event "Gibtelecom Masters 1st"]
[Site "Gibraltar"]
[Date "2003.01.31"]
[Round "4"]
[White "Schmitz, Manuela"]
[Black "Ledger, David"]
[Result "0-1"]
[WhiteElo "2111"]
[BlackElo "2267"]
[PlyCount "46"]
[EventDate "2003.01.28"]
[EventType "swiss"]
[EventRounds "10"]
[EventCountry "GGB"]
[SourceTitle "BritBase"]
[Source "www.saund.co.uk"]
[SourceDate "2018.02.10"]
[SourceVersion "1"]
[SourceVersionDate "2018.02.10"]
[SourceQuality "1"]

1. d4 f5 2. Qd3 d5 3. g4 e6 4. gxf5 exf5 5. Nf3 Nf6 6. Bg5 Be7 7. Nc3 c6 8. h4
Ne4 9. Rg1 Nd7 10. Bh3 Ndf6 11. Rg2 O-O 12. Ne5 Nxc3 13. Qxc3 Ne4 14. Qe3 Bxg5
15. hxg5 f4 16. Qf3 Nxg5 17. Qh5 Nxh3 18. O-O-O f3 19. exf3 Nf4 20. Rxg7+ Kxg7
21. Rg1+ Kh8 22. Nf7+ Rxf7 23. Qxf7 Ne2+ 0-1

[Event "Gibtelecom Masters 1st"]
[Site "Gibraltar"]
[Date "2003.01.31"]
[Round "4"]
[White "Short, Nigel D"]
[Black "Hamdouchi, Hichem"]
[Result "1/2-1/2"]
[WhiteElo "2690"]
[BlackElo "2615"]
[PlyCount "45"]
[EventDate "2003.01.28"]
[EventType "swiss"]
[EventRounds "10"]
[EventCountry "GGB"]
[SourceTitle "BritBase"]
[Source "www.saund.co.uk"]
[SourceDate "2018.02.10"]
[SourceVersion "1"]
[SourceVersionDate "2018.02.10"]
[SourceQuality "1"]

1. e4 c5 2. Nf3 d6 3. d4 Nf6 4. Nc3 cxd4 5. Nxd4 Nc6 6. Bg5 Qb6 7. Nb3 e6 8.
Be2 Be7 9. O-O a6 10. a4 Na5 11. Be3 Qc7 12. Nxa5 Qxa5 13. Qe1 Bd7 14. f4 Qc7
15. Qg3 O-O 16. e5 Ne8 17. Kh1 f5 18. Bd4 dxe5 19. Bxe5 Bd6 20. Bxd6 Nxd6 21.
Qe3 Bc6 22. Rad1 Ne4 23. Bf3 1/2-1/2

[Event "Gibtelecom Masters 1st"]
[Site "Gibraltar"]
[Date "2003.01.31"]
[Round "4"]
[White "Soh, Edmund"]
[Black "Gullaksen, Eirik"]
[Result "0-1"]
[WhiteElo "2029"]
[BlackElo "2354"]
[PlyCount "60"]
[EventDate "2003.01.28"]
[EventType "swiss"]
[EventRounds "10"]
[EventCountry "GGB"]
[SourceTitle "BritBase"]
[Source "www.saund.co.uk"]
[SourceDate "2018.02.10"]
[SourceVersion "1"]
[SourceVersionDate "2018.02.10"]
[SourceQuality "1"]

1. e4 e5 2. Nf3 Nc6 3. d4 exd4 4. Bc4 Nf6 5. O-O Bc5 6. e5 d5 7. exf6 dxc4 8.
Re1+ Be6 9. Ng5 Bf8 10. Nxe6 fxe6 11. fxg7 Bxg7 12. Rxe6+ Kf7 13. Re1 Re8 14.
Rxe8 Qxe8 15. Nd2 Qe6 16. Nf3 Qf5 17. Bd2 Re8 18. c3 d3 19. b3 b5 20. bxc4 bxc4
21. Rb1 Re2 22. Qa4 Ne5 23. Nxe5+ Bxe5 24. Qxc4+ Kg7 25. Be3 d2 26. Rf1 Qh5 27.
Bf4 Re1 28. Bxe5+ Qxe5 29. Qg4+ Kf8 30. Qb4+ c5 0-1

[Event "Gibtelecom Masters 1st"]
[Site "Gibraltar"]
[Date "2003.01.31"]
[Round "4"]
[White "Straub, Peter"]
[Black "Ledger, Andrew"]
[Result "0-1"]
[WhiteElo "2112"]
[BlackElo "2397"]
[PlyCount "54"]
[EventDate "2003.01.28"]
[EventType "swiss"]
[EventRounds "10"]
[EventCountry "GGB"]
[SourceTitle "BritBase"]
[Source "www.saund.co.uk"]
[SourceDate "2018.02.10"]
[SourceVersion "1"]
[SourceVersionDate "2018.02.10"]
[SourceQuality "1"]

1. e4 c6 2. d4 d5 3. exd5 cxd5 4. Bd3 Nc6 5. c3 g6 6. Bf4 Bf5 7. Ne2 Nf6 8. O-O
Bg7 9. Bxf5 gxf5 10. Ng3 e6 11. Re1 O-O 12. Nd2 Ne7 13. Nh5 Nxh5 14. Qxh5 Ng6
15. Bg5 Qd7 16. Re3 f6 17. Bh6 Bxh6 18. Qxh6 e5 19. dxe5 fxe5 20. Nf3 e4 21.
Ng5 Rfc8 22. Rd1 Rc6 23. Rh3 Nf8 24. Qh5 Rg6 25. Re3 f4 26. Nxh7 fxe3 27. Nxf8
exf2+ 0-1